000 00395pab a2200169 454500
008 180718b1995 xxu||||| |||| 00| 0 eng d
100 _aSoman, D.S.
245 _aGrant of anticipatory bail
_bare courts above the law.
260 _c1995
300 _ap.6
362 _a25 Jul
650 _aCrime
650 _aCourts
650 _aBail
773 _aHindu (Business Line)
909 _a29816
999 _c29816
_d29816